[Event "Pfalz op-B 11th"]
[Site "Neustadt an der Weinstrasse"]
[Date "2020.02.23"]
[Round "4"]
[White "Seref, Serkan"]
[Black "Niebel, Guido"]
[Result "1-0"]
[WhiteElo "1809"]
[BlackElo "1711"]
[PlyCount "109"]
[EventDate "2020.02.21"]
[EventType "swiss"]
[EventRounds "7"]
[EventCountry "GER"]
[SourceTitle "CBM 195 Extra"]
[Source "ChessBase"]
[SourceDate "2020.05.31"]
[SourceVersion "1"]
[SourceVersionDate "2020.05.31"]
[SourceQuality "1"]

1. e4 c6 2. d3 d5 3. Nd2 e5 4. Ngf3 Bd6 5. c4 Nf6 6. Be2 0-0 7. b3 d4 8. Qc2 Qe7 9. 0-0 Na6 10. a3 Nc7 11. b4 Ne6 12. c5 Bc7 13. Nc4 Nf4 14. Bxf4 exf4 15. Nxd4 Ng4 16. Bxg4 Bxg4 17. f3 Be6 18. Nxe6 fxe6 19. Rae1 e5 20. Qc3 Rad8 21. Rd1 Rd4 22. a4 Rfd8 23. Rd2 Kh8 24. Na3 R4d7 25. Rfd1 b6 26. cxb6 Bxb6+ 27. Kh1 Be3 28. Re2 Bd4 29. Qc4 Bb6 30. Nc2 c5 31. a5 Bc7 32. bxc5 Bxa5 33. Qb5 Bc3 34. c6 Rc7 35. Qc4 Ba5 36. Ra1 Bb6 37. Nb4 Rd4 38. Nd5 Qd6 39. Qb3 Rxc6 40. Rc2 Rxc2 41. Qxc2 h6 42. Qc8+ Kh7 43. Qf5+ Kg8 44. Qc8+ Kh7 45. Qf5+ Kg8 46. Rc1 Bc5 47. Qc8+ Kh7 48. Qxc5 Qa6 49. Qc8 Qxc8 50. Rxc8 Rxd3 51. h3 Kg6 52. Rc6+ Kh5 53. Ra6 g5 54. Rxa7 Kh4 55. Kh2 1-0

[Event "Pfalz op-B 11th"]
[Site "Neustadt an der Weinstrasse"]
[Date "2020.02.22"]
[Round "3"]
[White "Becker, Ralph"]
[Black "Seref, Serkan"]
[Result "0-1"]
[WhiteElo "1697"]
[BlackElo "1809"]
[PlyCount "100"]
[EventDate "2020.02.21"]
[EventType "swiss"]
[EventRounds "7"]
[EventCountry "GER"]
[SourceTitle "CBM 195 Extra"]
[Source "ChessBase"]
[SourceDate "2020.05.31"]
[SourceVersion "1"]
[SourceVersionDate "2020.05.31"]
[SourceQuality "1"]

1. g3 c5 2. Bg2 Nc6 3. Nf3 g6 4. c4 Bg7 5. Nc3 e6 6. d3 Nge7 7. 0-0 0-0 8. a3 a5 9. Qc2 d5 10. cxd5 exd5 11. Bf4 b6 12. Nd2 Nd4 13. Qd1 Ne6 14. e4 Nxf4 15. gxf4 d4 16. Nb5 Bb7 17. Nc4 Bc6 18. a4 Bxb5 19. axb5 Rb8 20. Bh3 Kh8 21. Kh1 f5 22. e5 Bh6 23. Qb3 Bxf4 24. Nd6 Qd7 25. Nf7+ Kg7 26. Bg2 h5 27. Bf3 Qc7 28. e6 Bxh2 29. Qd1 Rxf7 30. exf7 Kxf7 31. Qb3+ Kf6 32. Rae1 Qd6 33. Re2 c4 34. Qxc4 Rc8 35. Qb3 Rc5 36. Rfe1 Re5 37. Qc4 Rxe2 38. Rxe2 Be5 39. Qc1 Bf4 40. Qc4 h4 41. Bc6 Be5 42. Be8 Qd5+ 43. Qxd5 Nxd5 44. Rc2 Nb4 45. Rc6+ Nxc6 46. Bxc6 a4 47. Kg2 Bf4 48. Kf3 Bc1 49. Ke2 Bxb2 50. Kd2 Ke5 0-1

[Event "Dortmund Sparkassen op-B 47th"]
[Site "Dortmund"]
[Date "2019.07.19"]
[Round "7"]
[White "Eichstaedt, Enrico"]
[Black "Seref, Serkan"]
[Result "1/2-1/2"]
[WhiteElo "1864"]
[BlackElo "1705"]
[PlyCount "48"]
[EventDate "2019.07.13"]
[EventType "swiss"]
[EventRounds "9"]
[EventCountry "GER"]
[SourceTitle "CBM 192 Extra"]
[Source "Chessbase"]
[SourceDate "2019.11.06"]
[SourceVersion "1"]
[SourceVersionDate "2019.11.06"]
[SourceQuality "1"]

1. e4 e5 2. Nc3 Nc6 3. g3 g6 4. Bg2 Bg7 5. Nge2 Nge7 6. 0-0 d6 7. d3 f5 8. f4 0-0 9. fxe5 Nxe5 10. exf5 Nxf5 11. Bd5+ Kh8 12. Nf4 c6 13. Be6 Re8 14. Bxc8 Rxc8 15. Kg2 Qd7 16. Ne4 b6 17. h3 d5 18. Ng5 Bf6 19. Nf3 Nxf3 20. Qxf3 Bg7 21. c3 Re7 22. Bd2 Rce8 23. Rae1 Rxe1 24. Rxe1 Rxe1 1/2-1/2

[Event "Dortmund Sparkassen op-B 47th"]
[Site "Dortmund"]
[Date "2019.07.16"]
[Round "4"]
[White "Seref, Serkan"]
[Black "Schulz Runge, Michael"]
[Result "0-1"]
[WhiteElo "1705"]
[BlackElo "1799"]
[PlyCount "64"]
[EventDate "2019.07.13"]
[EventType "swiss"]
[EventRounds "9"]
[EventCountry "GER"]
[SourceTitle "CBM 192 Extra"]
[Source "Chessbase"]
[SourceDate "2019.11.06"]
[SourceVersion "1"]
[SourceVersionDate "2019.11.06"]
[SourceQuality "1"]

1. e4 c5 2. Nc3 Nc6 3. f4 d6 4. Nf3 a6 5. a4 g6 6. Bc4 Bg7 7. 0-0 Nd4 8. Nxd4 cxd4 9. Ne2 Nf6 10. d3 d5 11. exd5 Nxd5 12. Bxd5 Qxd5 13. Ng3 Bd7 14. Qe2 Bc6 15. f5 0-0 16. Qf2 Bd7 17. Qf3 Qxf3 18. Rxf3 Rac8 19. Rf2 Rc5 20. b4 Rd5 21. fxg6 hxg6 22. Ne4 b6 23. Nd2 b5 24. a5 f5 25. Nb3 e5 26. Nc5 Bc8 27. Re2 Rf7 28. Bd2 e4 29. Nb3 e3 30. Be1 f4 31. Nc5 Bg4 32. Kf1 f3 0-1

[Event "Dortmund Sparkassen op-B 47th"]
[Site "Dortmund"]
[Date "2019.07.15"]
[Round "3"]
[White "Ketteler, Timon Guardian"]
[Black "Seref, Serkan"]
[Result "1/2-1/2"]
[WhiteElo "1804"]
[BlackElo "1705"]
[PlyCount "29"]
[EventDate "2019.07.13"]
[EventType "swiss"]
[EventRounds "9"]
[EventCountry "GER"]
[SourceTitle "CBM 192 Extra"]
[Source "Chessbase"]
[SourceDate "2019.11.06"]
[SourceVersion "1"]
[SourceVersionDate "2019.11.06"]
[SourceQuality "1"]

1. e4 c5 2. Nf3 Nc6 3. d4 cxd4 4. Nxd4 e5 5. Nf5 d6 6. Ne3 Be6 7. Nc3 a6 8. a4 Rc8 9. Ned5 Nf6 10. Bd3 Bxd5 11. Nxd5 Nxd5 12. exd5 Qa5+ 13. Bd2 Qxd5 14. Qg4 Rc7 15. Be4 1/2-1/2

[Event "Ruhrgebiet Verbandsbezirksliga Gr 1"]
[Site "Ruhrgebiet"]
[Date "2019.02.10"]
[Round "6.3"]
[White "Happel, Juergen"]
[Black "Seref, Serkan"]
[Result "1-0"]
[WhiteElo "1762"]
[BlackElo "1729"]
[PlyCount "52"]
[EventDate "2018.09.30"]
[EventType "team-tourn"]
[EventRounds "9"]
[EventCountry "GER"]
[SourceTitle "EXT 2022"]
[Source "ChessBase"]
[SourceDate "2021.10.06"]
[SourceVersion "1"]
[SourceVersionDate "2021.10.06"]
[SourceQuality "1"]
[WhiteTeam "Hamm Koenigsspringer II"]
[BlackTeam "Luenen Horstmar SC"]
[WhiteTeamCountry "GER"]
[BlackTeamCountry "GER"]

1. e4 c5 2. Nf3 e6 3. d4 cxd4 4. Nxd4 Nc6 5. Nc3 a6 6. Be3 Qc7 7. a3 Nf6 8. Be2 Be7 9. Qd2 b5 10. Nxc6 dxc6 11. Bf3 Bb7 12. 0-0 Bd6 13. g3 Rd8 14. Qe2 c5 15. Rad1 h6 16. e5 Bxe5 17. Rxd8+ Kxd8 18. Bxb7 Qxb7 19. Bxc5 Bxc3 20. bxc3 Kc8 21. Bd4 Qd5 22. a4 Kc7 23. Rd1 Qf5 24. Be5+ Kc8 25. axb5 axb5 26. Qxb5 Nd5 1-0

[Event "Dortmund Sparkassen op-A 46th"]
[Site "Dortmund"]
[Date "2018.07.18"]
[Round "5"]
[White "Seref, Serkan"]
[Black "Buechle, Manfred"]
[Result "0-1"]
[WhiteElo "1871"]
[BlackElo "2037"]
[PlyCount "36"]
[EventDate "2018.07.14"]
[EventType "swiss"]
[EventRounds "9"]
[EventCountry "GER"]
[SourceTitle "CBM 185 Extra"]
[Source "ChessBase"]
[SourceDate "2018.07.29"]
[SourceVersion "1"]
[SourceVersionDate "2018.07.29"]
[SourceQuality "1"]

1. e4 c5 2. Nf3 Nc6 3. c3 d5 4. exd5 Qxd5 5. d4 cxd4 6. cxd4 e5 7. dxe5 Qxd1+ 8. Kxd1 Bg4 9. Bf4 0-0-0+ 10. Kc1 Bc5 11. Bc4 Bxf3 12. gxf3 Rd4 13. Bxf7 Rxf4 14. e6 Nf6 15. Nd2 Bxf2 16. Kc2 Rd8 17. Rad1 Nd5 18. Nf1 Ndb4+ 0-1

[Event "Dortmund Sparkassen op-A 46th"]
[Site "Dortmund"]
[Date "2018.07.17"]
[Round "4"]
[White "Seref, Serkan"]
[Black "Oparaugo, Thomas"]
[Result "0-1"]
[WhiteElo "1871"]
[BlackElo "2064"]
[PlyCount "76"]
[EventDate "2018.07.14"]
[EventType "swiss"]
[EventRounds "9"]
[EventCountry "GER"]
[SourceTitle "CBM 185 Extra"]
[Source "ChessBase"]
[SourceDate "2018.07.29"]
[SourceVersion "1"]
[SourceVersionDate "2018.07.29"]
[SourceQuality "1"]

1. e4 e5 2. Nf3 Nc6 3. Bc4 Bc5 4. c3 Nf6 5. d3 d6 6. Bb3 Qe7 7. Qe2 Bb6 8. Be3 Bd7 9. Nbd2 h6 10. Nf1 Be6 11. Ng3 Qd7 12. h3 0-0-0 13. Bxb6 axb6 14. Bxe6 fxe6 15. 0-0-0 Rhe8 16. Rhe1 d5 17. Qc2 d4 18. c4 Qd6 19. a3 Kd7 20. Nd2 Ke7 21. Nb3 Nd7 22. Rf1 Rf8 23. Kb1 Na5 24. Nxa5 bxa5 25. Ne2 Ra8 26. Qd2 Rfb8 27. f4 b5 28. fxe5 Nxe5 29. cxb5 Rxb5 30. Ka2 Rab8 31. Rb1 Qb6 32. Nc1 c5 33. a4 Rb4 34. Qc2 c4 35. b3 Nxd3 36. Nxd3 cxb3+ 37. Rxb3 Rxb3 38. Qf2 Ra3+ 0-1

[Event "Ruhrgebiet Verbandsklasse Gruppe 3 1718"]
[Site "Germany"]
[Date "2018.01.14"]
[Round "5.2"]
[White "Seref, Serkan"]
[Black "Kunisch, Siegfried"]
[Result "1/2-1/2"]
[WhiteElo "1801"]
[BlackElo "1967"]
[PlyCount "29"]
[EventDate "2017.09.17"]
[EventType "team-tourn"]
[EventRounds "9"]
[EventCountry "GER"]
[SourceTitle "EXT 2022"]
[Source "ChessBase"]
[SourceDate "2021.10.06"]
[SourceVersion "1"]
[SourceVersionDate "2021.10.06"]
[SourceQuality "1"]
[WhiteTeam "Luenen Horstmar SC"]
[BlackTeam "Essen Listiger Bauer"]
[WhiteTeamCountry "GER"]
[BlackTeamCountry "GER"]

1. e4 e5 2. f4 Qf6 3. Nf3 Qxf4 4. Nc3 Bb4 5. Bc4 Bxc3 6. 0-0 f6 7. bxc3 Nc6 8. Bb3 d6 9. d3 Qg4 10. Qe1 Nge7 11. d4 Bd7 12. h3 Qh5 13. Qf2 Ng6 14. Kh2 Na5 15. Ba4 1/2-1/2

[Event "Ruhrgebiet Verbandsklasse Gruppe 3 1718"]
[Site "Germany"]
[Date "2017.12.03"]
[Round "4.2"]
[White "Singbeil, Holger"]
[Black "Seref, Serkan"]
[Result "1/2-1/2"]
[WhiteElo "1985"]
[BlackElo "1801"]
[PlyCount "111"]
[EventDate "2017.09.17"]
[EventType "team-tourn"]
[EventRounds "9"]
[EventCountry "GER"]
[SourceTitle "EXT 2022"]
[Source "ChessBase"]
[SourceDate "2021.10.06"]
[SourceVersion "1"]
[SourceVersionDate "2021.10.06"]
[SourceQuality "1"]
[WhiteTeam "Wanne-Eickel SV Unser Fritz"]
[BlackTeam "Luenen Horstmar SC"]
[WhiteTeamCountry "GER"]
[BlackTeamCountry "GER"]

1. c4 c5 2. e3 e6 3. d4 Nf6 4. Nf3 d5 5. Nc3 Nc6 6. Be2 a6 7. b3 cxd4 8. Nxd4 Bb4 9. Bb2 Ne4 10. Rc1 Qa5 11. Qc2 Qxa2 12. 0-0 Bxc3 13. Bxc3 Qxc2 14. Rxc2 Nxc3 15. Rxc3 Nxd4 16. exd4 dxc4 17. bxc4 0-0 18. Bf3 Rd8 19. d5 Rb8 20. Rb1 exd5 21. Bxd5 b5 22. Rf3 Be6 23. Bxe6 fxe6 24. cxb5 axb5 25. Rfb3 Rd5 26. g3 Kf7 27. Rb4 e5 28. Kf1 Ke6 29. Ke2 g5 30. f3 Rc5 31. R1b2 Kd5 32. h4 h6 33. hxg5 hxg5 34. Rg4 Rg8 35. f4 exf4 36. gxf4 Re8+ 37. Kd3 gxf4 38. Rxf4 Rec8 39. Rf5+ Ke6 40. Rxc5 Rxc5 41. Kd4 Kd6 42. Rb4 Rd5+ 43. Kc3 Kc6 44. Rh4 Kc5 45. Rg4 Rf5 46. Rg3 Rf4 47. Rg5+ Kb6 48. Kb3 Ka5 49. Rg3 Rf1 50. Rh3 Rb1+ 51. Kc2 Rf1 52. Kb3 Rf5 53. Rg3 Rd5 54. Rh3 Rc5 55. Re3 Rc4 56. Re5 1/2-1/2

[Event "Dortmund Sparkassen op-A 45th"]
[Site "Dortmund"]
[Date "2017.07.18"]
[Round "4"]
[White "Elefteriadis, Paul Gabriel"]
[Black "Seref, Serkan"]
[Result "0-1"]
[WhiteElo "1891"]
[BlackElo "1910"]
[PlyCount "82"]
[EventDate "2017.07.15"]
[EventType "swiss"]
[EventRounds "9"]
[EventCountry "GER"]
[SourceTitle "CBM 179 Extra"]
[Source "ChessBase"]
[SourceDate "2017.08.23"]
[SourceVersion "1"]
[SourceVersionDate "2017.08.23"]
[SourceQuality "1"]

1. d4 Nf6 2. c4 e6 3. g3 Bb4+ 4. Bd2 Be7 5. Bg2 d5 6. Nf3 0-0 7. 0-0 c5 8. cxd5 exd5 9. Nc3 Nc6 10. dxc5 Bxc5 11. Rc1 Bb6 12. Bg5 Be6 13. Qa4 h6 14. Bf4 Qe7 15. Qb5 Rfd8 16. Na4 Bd4 17. Nxd4 Nxd4 18. Qd3 Qb4 19. Nc3 Bf5 20. Qd2 Ne6 21. a3 Qb6 22. Be5 Ne4 23. Nxe4 dxe4 24. Qc3 Rac8 25. Qxc8 Rxc8 26. Rxc8+ Kh7 27. e3 Ng5 28. Bd4 Qg6 29. Rc4 Qh5 30. Rfc1 Nf3+ 31. Bxf3 exf3 32. Kf1 Bd3+ 33. Ke1 Bxc4 34. Rxc4 Qxh2 35. e4 Qg1+ 36. Kd2 Qf1 37. Kc3 Qe1+ 38. Kd3 Qe2+ 39. Kc3 b5 40. Rc7 a5 41. Rxf7 Qc4+ 0-1

[Event "Dortmund Sparkassen op-A 45th"]
[Site "Dortmund"]
[Date "2017.07.15"]
[Round "1"]
[White "Seref, Serkan"]
[Black "Heinert, Eugen"]
[Result "0-1"]
[WhiteElo "1910"]
[BlackElo "2168"]
[PlyCount "100"]
[EventDate "2017.07.15"]
[EventType "swiss"]
[EventRounds "9"]
[EventCountry "GER"]
[SourceTitle "CBM 179 Extra"]
[Source "ChessBase"]
[SourceDate "2017.08.23"]
[SourceVersion "1"]
[SourceVersionDate "2017.08.23"]
[SourceQuality "1"]

1. e4 e6 2. d4 d5 3. Bd3 dxe4 4. Bxe4 Nf6 5. Bf3 c5 6. Ne2 Nc6 7. c3 e5 8. Bxc6+ bxc6 9. 0-0 Ba6 10. Re1 Be7 11. Be3 0-0 12. Ng3 Rb8 13. Qc2 cxd4 14. cxd4 exd4 15. Bxd4 Qxd4 16. Nf5 Qxb2 17. Nxe7+ Kh8 18. Qxb2 Rxb2 19. Nxc6 Rc8 20. Nd4 Ng4 21. Nc3 Nxf2 22. Re7 Ng4 23. Rae1 h6 24. Re8+ Rxe8 25. Rxe8+ Kh7 26. Re7 Rb7 27. Rxb7 Bxb7 28. Ndb5 a6 29. Nd6 Bc6 30. Nxf7 Kg6 31. Nd6 Kf6 32. h3 Ne3 33. Nde4+ Ke5 34. Nc5 Kd4 35. Nxa6 Kxc3 36. g4 Bd5 37. Nc7 Bxa2 38. Ne8 g5 39. Kf2 Kd4 40. Nf6 Be6 41. Kg3 Nf1+ 42. Kf2 Nd2 43. Ne8 Ne4+ 44. Kg2 Bf7 45. Ng7 Nd6 46. Kg3 Ke5 47. h4 Kf6 48. hxg5+ hxg5 49. Nf5 Nxf5+ 50. gxf5 Kg7 0-1

[Event "Ruhrgebiet Bezirksliga 15/16"]
[Site "Ruhrgebiet"]
[Date "2015.09.20"]
[Round "2.3"]
[White "Korten, Lando"]
[Black "Seref, Serkan"]
[Result "1-0"]
[WhiteElo "1760"]
[BlackElo "1753"]
[PlyCount "85"]
[EventDate "2015.08.30"]
[EventType "team-tourn"]
[EventRounds "9"]
[EventCountry "GER"]
[SourceTitle "EXT 2022"]
[Source "ChessBase"]
[SourceDate "2021.10.06"]
[SourceVersion "1"]
[SourceVersionDate "2021.10.06"]
[SourceQuality "1"]
[WhiteTeam "Unna SV"]
[BlackTeam "Luenen Horstmar SC"]
[WhiteTeamCountry "GER"]
[BlackTeamCountry "GER"]

1. d4 Nf6 2. c4 e6 3. Nc3 Bb4 4. Bg5 0-0 5. e3 c5 6. Nge2 h6 7. Bh4 d6 8. Qc2 Nbd7 9. a3 Bxc3+ 10. Nxc3 cxd4 11. exd4 Qb6 12. Rd1 e5 13. Bxf6 Nxf6 14. dxe5 Re8 15. Be2 dxe5 16. 0-0 Be6 17. b4 a6 18. c5 Qc7 19. Bf3 Rad8 20. Ne4 Nxe4 21. Qxe4 Bc8 22. h3 Qe7 23. Rfe1 f5 24. Qc4+ Kh8 25. Bh5 Rf8 26. Rxd8 Rxd8 27. Qf7 Qxf7 28. Bxf7 e4 29. Bg6 Rd3 30. Kf1 Be6 31. Rc1 Bd7 32. Ke1 Rxa3 33. Rd1 Rd3 34. Rxd3 exd3 35. Kd2 Kg8 36. Kxd3 Kf8 37. Kd4 Bc6 38. f3 Ke7 39. Bxf5 Kf6 40. Be4 Bb5 41. Bxb7 Ke6 42. Bd5+ Kd7 43. Bc4 1-0

[Event "Dortmund Sparkassen op-B"]
[Site "Dortmund"]
[Date "2015.07.02"]
[Round "6"]
[White "Lueckerath, Moritz"]
[Black "Seref, Serkan"]
[Result "1-0"]
[WhiteElo "1823"]
[BlackElo "1715"]
[PlyCount "99"]
[EventDate "2015.06.27"]
[EventType "swiss"]
[EventRounds "9"]
[EventCountry "GER"]
[SourceTitle "CBM 167 Extra"]
[Source "ChessBase"]
[SourceDate "2015.09.14"]
[SourceVersion "1"]
[SourceVersionDate "2015.09.14"]
[SourceQuality "1"]

1. e4 c5 2. Nf3 e6 3. d4 cxd4 4. Nxd4 a6 5. Bd3 Bc5 6. Nb3 Ba7 7. 0-0 Nc6 8. Qg4 g6 9. Qg3 Bb8 10. f4 h5 11. Qh3 Nh6 12. Be2 d5 13. exd5 Qxd5 14. Bf3 Qd8 15. Bxc6+ bxc6 16. Qc3 0-0 17. Qxc6 Ba7+ 18. Kh1 Bd7 19. Qxa6 Ng4 20. Qd3 Qb6 21. Qg3 Bb5 22. Re1 Nf2+ 23. Kg1 Ne4+ 24. Qe3 Qd6 25. Qxa7 Rxa7 26. Rxe4 Qd1+ 27. Kf2 Qf1+ 28. Kg3 Qd1 29. Nc3 Qg4+ 30. Kf2 Bc6 31. Be3 Raa8 32. h3 Qf5 33. Nd4 Qxe4 34. Nxe4 Bxe4 35. a4 Rfc8 36. c3 Rc4 37. a5 Bd5 38. Nb5 Rcc8 39. Nd6 Rc6 40. Nb5 Bc4 41. Nd4 Rcc8 42. b3 Bd5 43. Bd2 Kf8 44. b4 Bc4 45. b5 f6 46. b6 Ra6 47. Nc6 Rxc6 48. b7 Rcb6 49. axb6 Rxb6 50. Ra8+ 1-0

[Event "Dortmund Sparkassen op-B"]
[Site "Dortmund"]
[Date "2015.07.01"]
[Round "5"]
[White "Seref, Serkan"]
[Black "Grunwald, Guenther"]
[Result "1-0"]
[WhiteElo "1715"]
[BlackElo "1601"]
[PlyCount "107"]
[EventDate "2015.06.27"]
[EventType "swiss"]
[EventRounds "9"]
[EventCountry "GER"]
[SourceTitle "CBM 167 Extra"]
[Source "ChessBase"]
[SourceDate "2015.09.14"]
[SourceVersion "1"]
[SourceVersionDate "2015.09.14"]
[SourceQuality "1"]

1. c4 e5 2. Nc3 Nf6 3. g3 c6 4. Bg2 d5 5. cxd5 cxd5 6. d3 Nc6 7. a3 Be7 8. Nf3 d4 9. Nb1 0-0 10. b4 a6 11. Bb2 Qb6 12. Nbd2 a5 13. Qa4 Bd7 14. Nc4 Qc7 15. b5 Nd8 16. Nfxe5 Ne6 17. Nxd7 Nxd7 18. 0-0 Ndc5 19. Qc2 Qd7 20. Nb6 Qxb5 21. Nxa8 Rxa8 22. Rfb1 Qd7 23. Bc1 a4 24. Bh3 Nb3 25. Rxb3 axb3 26. Qxb3 Nc5 27. Bxd7 Nxb3 28. Rb1 Nxc1 29. Rxc1 Bxa3 30. Rc4 Kf8 31. Rxd4 Rd8 32. Ra4 Be7 33. Bb5 Rb8 34. Kg2 g6 35. Kf3 Kg7 36. d4 Rd8 37. Ke4 f5+ 38. Kd3 Bf6 39. e3 Rd6 40. Kc4 Be7 41. Ra7 Rb6 42. Ra8 Kf6 43. Rc8 h5 44. Ra8 Rd6 45. Ra2 Kg7 46. f3 h4 47. Rg2 Kh6 48. Rd2 g5 49. e4 g4 50. e5 Rg6 51. f4 h3 52. d5 Rg8 53. d6 Bd8 54. e6 1-0

[Event "NRW Verbandsklasse Group2 1314"]
[Site "Nordrheinwestfalen"]
[Date "2013.11.03"]
[Round "3.5"]
[White "Seref, Serkan"]
[Black "Verfuerth, Christian"]
[Result "1/2-1/2"]
[WhiteElo "1658"]
[BlackElo "1851"]
[PlyCount "41"]
[EventDate "2013.09.08"]
[EventType "team-tourn"]
[EventRounds "9"]
[EventCountry "GER"]
[SourceTitle "EXT 2020"]
[Source "ChessBase"]
[SourceDate "2019.10.17"]
[SourceVersion "1"]
[SourceVersionDate "2019.10.17"]
[SourceQuality "1"]
[WhiteTeam "Luenen Horstmar SC"]
[BlackTeam "Horst Emscher II"]
[WhiteTeamCountry "GER"]
[BlackTeamCountry "GER"]

1. e4 e6 2. Qe2 c5 3. f4 Nc6 4. Nf3 g6 5. g3 Bg7 6. Bg2 Nge7 7. 0-0 0-0 8. c3 d5 9. d3 Rb8 10. Be3 b6 11. Rd1 Qc7 12. Na3 Ba6 13. Qf2 dxe4 14. dxe4 Rfd8 15. Bf1 Bxf1 16. Qxf1 Rxd1 17. Rxd1 Rd8 18. Rd3 Rd7 19. Qd1 Rxd3 20. Qxd3 Qd8 21. Qxd8+ 1/2-1/2

[Event "NRW Verbandsklasse Group2 1314"]
[Site "Nordrheinwestfalen"]
[Date "2013.10.13"]
[Round "2.5"]
[White "Schuermann, Jan"]
[Black "Seref, Serkan"]
[Result "1/2-1/2"]
[WhiteElo "1828"]
[BlackElo "1658"]
[PlyCount "49"]
[EventDate "2013.09.08"]
[EventType "team-tourn"]
[EventRounds "9"]
[EventCountry "GER"]
[SourceTitle "EXT 2020"]
[Source "ChessBase"]
[SourceDate "2019.10.17"]
[SourceVersion "1"]
[SourceVersionDate "2019.10.17"]
[SourceQuality "1"]
[WhiteTeam "Muelheim Nord IV"]
[BlackTeam "Luenen Horstmar SC"]
[WhiteTeamCountry "GER"]
[BlackTeamCountry "GER"]

1. e4 d5 2. exd5 Qxd5 3. Nc3 Qd6 4. d4 Nf6 5. Nf3 a6 6. g3 b5 7. Bf4 Qd8 8. Bg2 Bb7 9. 0-0 e6 10. Qe2 Be7 11. Rad1 0-0 12. Rfe1 Re8 13. Bg5 Nd5 14. Nxd5 Bxd5 15. Bxe7 Qxe7 16. a3 Nd7 17. b3 Qxa3 18. c4 Bb7 19. cxb5 Qd6 20. Qd3 g6 21. bxa6 Bxa6 22. Qc3 Bb7 23. Rc1 Rac8 24. Ra1 Ra8 25. Rac1 1/2-1/2

[Event "NRW Verbandsklasse Group2 1314"]
[Site "Nordrheinwestfalen"]
[Date "2013.09.08"]
[Round "1.6"]
[White "Berke, Martin"]
[Black "Seref, Serkan"]
[Result "1/2-1/2"]
[WhiteElo "1764"]
[BlackElo "1658"]
[PlyCount "30"]
[EventDate "2013.09.08"]
[EventType "team-tourn"]
[EventRounds "9"]
[EventCountry "GER"]
[SourceTitle "EXT 2020"]
[Source "ChessBase"]
[SourceDate "2019.10.17"]
[SourceVersion "1"]
[SourceVersionDate "2019.10.17"]
[SourceQuality "1"]
[WhiteTeam "Welper SV II"]
[BlackTeam "Luenen Horstmar SC"]
[WhiteTeamCountry "GER"]
[BlackTeamCountry "GER"]

1. e4 d5 2. exd5 Qxd5 3. Nc3 Qd6 4. d4 c6 5. Bc4 Bf5 6. Nf3 h6 7. 0-0 Nf6 8. Re1 Nbd7 9. a4 e6 10. d5 cxd5 11. Nxd5 Nxd5 12. Qxd5 Qxd5 13. Bxd5 0-0-0 14. Bb3 Nc5 15. Bf4 Bd6 1/2-1/2

[Event "Dortmund Sparkassen op-B"]
[Site "Dortmund"]
[Date "2012.07.15"]
[Round "2"]
[White "Seref, Serkan"]
[Black "Gollnick, Rainer"]
[Result "1-0"]
[WhiteElo "1690"]
[BlackElo "1394"]
[PlyCount "29"]
[EventDate "2012.07.14"]
[EventType "swiss"]
[EventRounds "9"]
[EventCountry "GER"]
[SourceTitle "EXT 2014"]
[Source "ChessBase"]
[SourceDate "2013.11.20"]
[SourceVersion "1"]
[SourceVersionDate "2013.11.20"]
[SourceQuality "1"]

1. e4 Nf6 2. Nc3 e5 3. f4 Nc6 4. Nf3 exf4 5. d4 Bb4 6. Bd3 d5 7. Qe2 0-0 8. e5 Bxc3+ 9. bxc3 Re8 10. 0-0 Bg4 11. Bxf4 h6 12. h3 Bxf3 13. Qxf3 Nh7 14. Bxh6 Rf8 15. Qg4 1-0